Culture générale, de A à Z - n°3 - Statistiques

Statistiques générales
  • Ce quiz a été pris 188 fois
    169 depuis la dernière actualisation
  • Le résultat moyen est 17 sur 26
Statistiques - réponses
Indice Réponse % Correct
Plante constituant la grande majorité du régime alimentaire des pandas Bambou
97%
Machine de conception française, jadis utilisée pour la peine de mort par décapitation Guillotine
89%
Plus grand désert chaud du monde, situé en Afrique Sahara
87%
Ville d'Italie connue pour ses canaux, ses gondoles et son carnaval Venise
85%
Créatrice de mode et grande couturière française née en 1883 Coco Chanel
82%
Officier français au centre d'une célèbre affaire conduisant à la postérité l'expression "J'accuse" Dreyfus
82%
Pays de la péninsule arabique dont la capitale est Doha Qatar
79%
Nom de l'auteur de Germinal et de la bete humaine Zola
79%
Recette à base de gratin de pomme de terre, d'oignons et de lardons, le tour gratiné au reblochon Tartiflette
77%
Fruit très riche en vitamine C dont la pulpe peut être jaune ou verte Kiwi
76%
Département français dont le code est 972 Martinique
74%
Espèce d'oiseau dont la couleur provient de son alimentation à base de crustacés et de crevettes Flamant rose
72%
Constructeur automobile japonais dont Juke ou Qashqai sont des modèles Nissan
70%
Ancien international brésilien décédé en 2022, comptant parmi les plus grand footballeurs au monde Pelé
70%
Nom d'un chanteur britannique ayant interprété "Imagine" ou "Woman" Lennon
68%
Nom d'un compositeur français né en 1875, connu notamment pour son Boléro Ravel
65%
Locution latine signifiant "le sort en est jeté" ou "les dés sont jetés" et qui aurait été prononcée par César Alea Jacta Est
64%
Nom d'un célèbre publicitaire devenu le principal fondateur du Pop Art Warhol
62%
Célèbre acteur ayant interprété Han Solo, Indiana Jones ou encore un chasseur de Replicants Harrison Ford
55%
Langue construite par un ophtalmologue polonais dans le but d'en faire la langue universelle Espéranto
52%
Personnage de bande dessinée souhaitant être Calife à la place du Calife Iznogoud
49%
Ville du sud de l'Andalousie dont le vinaigre est reconnu Xérès
47%
Onde mécanique dont le procédé est utilisé en médecine, notamment pour les échographies Ultrason
41%
Nom de l'assassin présumé de John Fitzgerald Kennedy Oswald
39%
Terme représentant les habitants du nord est des États-Unis, présent dans l'alphabet militaire Yankee
37%
Nom décrivant le pavillon noir à tête de mort que hissaient les pirates Jolly Roger
10%
Aucun quiz correspondant
Distribution des résultats
% des personnes avec chaque résultat
Percentile par nombre de réponses
Votre historique - résultats
Vous n’avez pas pris ce quiz depuis la dernière actualisation